• 首页
  • 本馆介绍
  • 公告通知
  • 最新文献
  • 馆藏检索
  • 电子资源
  • 读者导购
  • 参考咨询
  • 我的图书馆
  • 登录
  • 详细信息显示
  • 放入我的书架
  • 预约/预借图书
  • 作者相关作品
  • 分类相关作品
  • 丛书相关作品
  • 出版社相关作品

书目信息

  • 表格格式
  • 工作单格式
  • 卡片格式
题名:
网络图论简介
    
 
作者: 邱关源 编
分册:  
出版信息: 北京   人民教育出版社  1979
页数: 132页
开本: 19cm
丛书名:
单 册:
中图分类: TN711.6 , O157.5
科图分类:
主题词: 网络图论--高等学校--教学参考资料 , 代数 , 数论 , 组合数学
电子资源:
ISBN:
000 00732nam0 2200289 45
001 0179006079
005 20040917083706.3
010    @dCNY0.37
091    @a15012.0105
100    @a19950728d1979 em y0chiy0121 ea
101 0  @achi
102    @aCN@b110000
105    @ay z 000yy
106    @ar
200 10 @a网络图论简介@Awang luo tu lun jian jie@f邱关源编
210    @a北京@c人民教育出版社@d1979
215    @a132页@d19cm
300    @a高等学校教学参考书
606    @a网络图论@x高等学校@x教学参考资料
606 0  @a代数
606 0  @a数论
606 0  @a组合数学
690    @aTN711.6@v3 
690    @aO157.5@v3
701  0 @a邱关源@Aqiu guan yuan@4编
801  0 @aCN@bNLC@c20040518
905    @dO157.5@e14@f1@b63366
    
    网络图论简介/邱关源编.-北京:人民教育出版社,1979
    132页;19cm
    高等学校教学参考书
    
    ISBN :CNY0.37
    
●
相关链接 在E读中查询图书 在五车中查询图书 在当当中查询图书 在豆瓣中查询图书


正题名:网络图论简介     索取号:O157.5/14         预约/预借

序号 登录号 条形码 馆藏地/架位号 状态 备注
1 0063366   001959081   第三借阅区/ [索取号:O157.5/14] 在馆    
2 0063367   000414956   第三借阅区/ [索取号:O157.5/14] 在馆    
3 0063368   000414974   第二样本阅览室/ [索取号:O157.5/14] 在馆    
唐山师范学院图书馆 欢迎您!
大连网信软件有限公司© 版权所有